LEADER 00830nam a2200241 i 4500 001 991004362437607536 005 20250116171433.0 008 250116s1973 fr er 001 0 fre d 040 $aBibl. Dip.le Aggr. Studi Umanistici - Sez. Filosofia$bita$cSocioculturale Scs 041 1 $afre$hger 082 04$a193$223 100 1 $aFeuerbach, Ludwig$0321265 245 10$aManifestes philosophiques :$btextes choisis (1839-1845) /$cLudwig Feuerbach ; traduit de l'allemand par Louis Althusser 260 $aParis :$bUnion générale d'éditions,$c1973 300 $a315 p. ;$c18 cm 490 1 $a10/18 ;$v802 650 4$aFilosofia tedesca$ySec. 19. 650 4$aCristianesimo 700 1 $aAlthusser, Louis 830 0$a10/18 ;$v802 912 $a991004362437607536 996 $aManifestes philosophiques$9212079 997 $aUNISALENTO